Statistics for Top Irish Scorers 2020-21

Click here to take the quiz!

General Stats

  • This quiz has been taken 4 times
  • The average score is 3 of 12

Answer Stats

NPlayerClubLeagueAppsGoals% Correct
2James CollinsLuton TownChampionship3310
100%
2Jamie McGrathSt MirrenScottish Premier League3510
100%
2Ronan CurtisPortsmouthLeague 13110
50%
2Anthony ScullyLincoln CityLeague 13110
0%
2Conor WilkinsonLeyton OrientLeague 23010
0%
9David McGoldrickSheffield UnitedPremier League307
0%
1Eoin DoyleBolton WanderersLeague 23012
0%
10Harry CharsleyMansfield TownLeague 2345
0%
10Jimmy KeohaneRochdaleLeague 1335
0%
7Olamide ShodipoOxford UnitedLeague 1259
0%
8Paddy MaddenFleetwood TownLeague 1318
0%
8Padraig AmondNewport CountyLeague 2308
0%

Score Distribution

Percentile by Number Answered

Percent of People with Each Score

Your Score History

You have not taken this quiz